[Event "AUTO-BEG-529"]
[Site "http://www.queenalice.com/game.php?id=1044854"]
[Date "2012.4.1"]
[Round "1"]
[White "dcelestrin"]
[Black "Fagundes"]
[Result "0-1"]
[WhiteElo "939"]
[BlackElo "1176"]

1. e4 d5 2. e5 e6 3. d4 Nh6 4. Bxh6 gxh6 5. Bd3 Nc6 6. c3 Qg5 7. g3 f5 8. f4 Qg6
9. Na3 Bxa3 10. bxa3 O-O 11. Ne2 Qg4 12. Nc1 h5 13. Be2 Qh3 14. Nd3 Qg2 15. Bf3
Qh3 16. Nf2 Qg4 17. Bxg4 hxg4 18. h4 h5 19. Nd3 b6 20. Nb4 Nxb4 21. axb4 a5 0-1

[Event "AUTO-BEG-529"]
[Site "http://www.queenalice.com/game.php?id=1044855"]
[Date "2012.4.1"]
[Round "1"]
[White "Fagundes"]
[Black "dcelestrin"]
[Result "1-0"]
[WhiteElo "1169"]
[BlackElo "958"]

1. e4 e5 2. Nf3 Bc5 3. Nxe5 Nf6 4. Qf3 d6 5. Nc4 Ng4 6. Be2 Bxf2+ 7. Kd1 Bc5 8.
Rf1 f6 9. Qg3 Nc6 10. Bxg4 Rg8 11. Bxc8 Qxc8 12. d3 Nd4 13. Be3 Qe6 14. Bxd4
Bxd4 15. Nba3 a6 16. c3 Bc5 17. b4 Bb6 18. Qh3 Qxh3 19. gxh3 Ba7 20. b5 axb5 21.
Nxb5 Bc5 22. Nxc7+ 1-0

[Event "AUTO-BEG-529"]
[Site "http://www.queenalice.com/game.php?id=1044856"]
[Date "2012.4.1"]
[Round "1"]
[White "dcelestrin"]
[Black "Modde"]
[Result "0-1"]
[WhiteElo "1100"]
[BlackElo "1100"]

1. e4 e5 2. Bc4 Nf6 3. Nc3 Bc5 4. d3 Nc6 5. Bg5 d6 6. Bxf6 Qxf6 7. Qf3 Be6 8.
Qxf6 gxf6 9. Nge2 O-O-O 10. O-O Rhg8 11. Ng3 Nd4 12. Rac1 c6 13. a3 d5 14. Ba2
f5 15. exf5 Nxf5 16. Nxf5 Bxf5 17. Na4 Bd6 18. c4 e4 19. cxd5 Bh3 20. dxe4 Rxg2+
21. Kh1 Rxh2+ 22. Kg1 Rg8# 0-1

[Event "AUTO-BEG-529"]
[Site "http://www.queenalice.com/game.php?id=1044857"]
[Date "2012.4.1"]
[Round "1"]
[White "Modde"]
[Black "dcelestrin"]
[Result "1-0"]
[WhiteElo "1398"]
[BlackElo "912"]

1. d4 d5 2. c4 c6 3. Nc3 dxc4 4. e3 e6 5. Bxc4 b5 6. Bb3 Nf6 7. Nf3 Ba6 8. a3
Bd6 9. e4 Be7 10. O-O b4 11. axb4 Bxf1 12. Qxf1 Bxb4 13. Bg5 Qb6 14. Na4 Qb7 15.
Bxf6 gxf6 16. Bc4 Nd7 17. b3 c5 18. Qe2 Bc3 19. Nxc3 cxd4 20. Nxd4 Rg8 21. Rd1
f5 22. f3 fxe4 23. Nxe4 Qb6 24. Kh1 h5 25. Bb5 Ke7 26. Nc6+ Kf8 27. Rxd7 a6 28.
Ba4 f5 29. Nf6 Rg7 30. Qxe6 Qc5 31. h3 Qc1+ 32. Kh2 Qf4+ 33. Kg1 Qc1+ 34. Kf2
Qc2+ 35. Ke3 f4+ 36. Kxf4 Qc1+ 37. Ke5 Rg5+ 38. Kd6 Qf4+ 39. Ne5 Qb4+ 40. Kc6
Rc8+ 41. Rc7 Qc3+ 42. Nc4 Rxc7+ 43. Kxc7 Rg7+ 44. Nd7+ Rxd7+ 45. Kxd7 Qg7+ 46.
Kd6 Qd4+ 47. Qd5 Qf6+ 48. Kc5 Qg7 49. Qd6+ Kg8 50. Qd5+ 1-0

[Event "AUTO-BEG-529"]
[Site "http://www.queenalice.com/game.php?id=1044858"]
[Date "2012.4.1"]
[Round "1"]
[White "dcelestrin"]
[Black "Gonzales"]
[Result "0-1"]
[WhiteElo "967"]
[BlackElo "1322"]

1. e4 e5 2. Bc4 Nf6 3. Nc3 Bb4 4. Nd5 Nxe4 5. Nxb4 Nc6 6. Bxf7+ Kxf7 7. Nxc6
dxc6 8. Qh5+ g6 9. Qxe5 Bf5 10. g4 Re8 11. Qf4 Nxd2+ 12. Ne2 Re4 13. Qxd2 Bxg4
14. Qxd8 Rxe2+ 15. Kd1 Rxd8+ 16. Bd2 Rexd2+ 17. Ke1 Rd1+ 18. Rxd1 Rxd1# 0-1

[Event "AUTO-BEG-529"]
[Site "http://www.queenalice.com/game.php?id=1044859"]
[Date "2012.4.1"]
[Round "1"]
[White "Gonzales"]
[Black "dcelestrin"]
[Result "1-0"]
[WhiteElo "1320"]
[BlackElo "912"]

1. e4 e5 2. Nf3 d6 3. d4 exd4 4. Nxd4 Be6 5. Nxe6 fxe6 6. e5 d5 7. Bd3 Nc6 8.
Qh5+ Kd7 9. Bg5 Qe8 10. Qxe8+ Rxe8 11. Bb5 a6 12. Bxc6+ Kxc6 13. O-O h6 14. Be3
g5 15. Nc3 Bg7 16. f4 g4 17. Rad1 Ne7 18. b4 Nf5 19. Bf2 Bf6 20. Rfe1 Be7 21. a3
Ng7 22. Rb1 b5 23. a4 Nf5 24. axb5+ axb5 25. Ne2 h5 26. Nd4+ Nxd4 27. Bxd4 Ra8
28. Ra1 Bxb4 29. c3 Be7 30. Rec1 Rhf8 31. Rxa8 Rxa8 32. Rf1 1-0

[Event "AUTO-OPEN-2652"]
[Site "http://www.queenalice.com/game.php?id=1046182"]
[Date "2012.4.5"]
[Round "1"]
[White "zigurate"]
[Black "dcelestrin"]
[Result "1-0"]
[WhiteElo "2000"]
[BlackElo "912"]

1. e4 e5 2. Nf3 d5 3. Nxe5 dxe4 4. d4 c5 5. Qe2 Qxd4 6. f4 f5 7. Qh5+ g6 8. Nxg6
hxg6 9. Qxg6+ Ke7 10. Bd2 Rh6 11. Qxg8 Nc6 12. Nc3 Be6 13. Qg5+ Rf6 14. Nb5 Qxb2
15. Bc3 Qxc2 16. Qxf6+ Kd7 17. Na3 1-0

[Event "AUTO-OPEN-2652"]
[Site "http://www.queenalice.com/game.php?id=1046194"]
[Date "2012.4.5"]
[Round "1"]
[White "Acuario_72"]
[Black "dcelestrin"]
[Result "1-0"]
[WhiteElo "1679"]
[BlackElo "932"]

1. g3 e5 2. Bg2 d5 3. Nf3 e4 4. Nd4 Bc5 5. Nb5 a6 6. N5c3 Nf6 7. d3 Ng4 8. d4
Bb4 9. a3 Bxc3+ 10. bxc3 Qf6 11. O-O 1-0

[Event "AUTO-OPEN-2652"]
[Site "http://www.queenalice.com/game.php?id=1046195"]
[Date "2012.4.5"]
[Round "1"]
[White "dcelestrin"]
[Black "Acuario_72"]
[Result "0-1"]
[WhiteElo "930"]
[BlackElo "1693"]

1. c3 g6 2. Nf3 Bg7 3. d4 d5 4. g3 b5 5. e3 Bg4 6. Qd3 Bxf3 7. Rg1 c6 8. Nd2 Bg4
9. h3 Bf5 10. Qe2 Nf6 11. a3 a5 0-1

[Event "AUTO-OPEN-2653"]
[Site "http://www.queenalice.com/game.php?id=1046485"]
[Date "2012.4.6"]
[Round "1"]
[White "leduar"]
[Black "dcelestrin"]
[Result "1-0"]
[WhiteElo "1923"]
[BlackElo "917"]

1. e4 e5 2. Nf3 Bc5 3. d4 exd4 4. Nxd4 Bxd4 5. Qxd4 Nc6 6. Qxg7 Qf6 7. Qxf6 Nxf6
8. Bd3 Rg8 9. O-O d5 10. exd5 Nxd5 11. Bxh7 Rg7 12. Be4 Nf6 13. Bxc6+ bxc6 14.
Bf4 Bh3 15. Bg3 Bf5 16. Re1+ Kd8 17. Be5 Rg6 18. Bxf6+ Rxf6 19. c3 Rb8 20. b3
Rb6 21. Na3 a5 22. Rad1+ 1-0

[Event "AUTO-OPEN-2653"]
[Site "http://www.queenalice.com/game.php?id=1046486"]
[Date "2012.4.6"]
[Round "1"]
[White "dcelestrin"]
[Black "leduar"]
[Result "1-0"]
[WhiteElo "958"]
[BlackElo "1995"]

1. e4 e5 2. Bc4 c6 3. Qf3 Nf6 4. Nh3 d5 5. exd5 cxd5 6. Bb3 Bxh3 7. Qxh3 Be7 8.
Nc3 O-O 9. d3 d4 10. Nb5 a6 11. Na3 Bxa3 12. bxa3 Nd5 13. a4 Nc6 14. Ba3 Re8 15.
Qf3 Nf6 16. O-O b5 17. Qxc6 1-0

[Event "AUTO-OPEN-2653"]
[Site "http://www.queenalice.com/game.php?id=1046511"]
[Date "2012.4.6"]
[Round "1"]
[White "Lopesq"]
[Black "dcelestrin"]
[Result "1-0"]
[WhiteElo "1782"]
[BlackElo "912"]

1. d4 d5 2. Nf3 Nf6 3. c3 Nc6 4. h3 g6 5. Bf4 Bg7 6. Nbd2 O-O 7. e3 Nh5 8. Bh2
a6 9. Be2 b5 10. a3 e6 11. Ne5 Nxe5 12. dxe5 Bb7 13. Bxh5 1-0

[Event "AUTO-OPEN-2653"]
[Site "http://www.queenalice.com/game.php?id=1046512"]
[Date "2012.4.6"]
[Round "1"]
[White "dcelestrin"]
[Black "Lopesq"]
[Result "0-1"]
[WhiteElo "912"]
[BlackElo "1780"]

1. e4 d5 2. e5 Bf5 3. d4 e6 4. Nf3 Be7 5. Nc3 c6 6. Be2 h6 7. O-O Nd7 8. a3 a6
9. b4 b6 10. Na2 b5 11. Bb2 a5 12. bxa5 Rxa5 13. Nb4 Qa8 0-1

[Event "AUTO-OPEN-2653"]
[Site "http://www.queenalice.com/game.php?id=1046529"]
[Date "2012.4.6"]
[Round "1"]
[White "dcelestrin"]
[Black "TomBishop"]
[Result "0-1"]
[WhiteElo "910"]
[BlackElo "1574"]

1. e4 e5 2. Bc4 Nf6 3. d3 d5 4. exd5 Nxd5 5. Qf3 Be6 6. Nc3 Nxc3 7. Bxe6 fxe6 8.
bxc3 Nc6 9. Nh3 Qd5 10. Ng5 Qxf3 11. Nxf3 O-O-O 12. O-O Bd6 13. Ng5 Rde8 14. Bb2
h6 15. Nf7 Rhf8 16. Nxd6+ cxd6 0-1

[Event "AUTO-OPEN-2653"]
[Site "http://www.queenalice.com/game.php?id=1046530"]
[Date "2012.4.6"]
[Round "1"]
[White "TomBishop"]
[Black "dcelestrin"]
[Result "0-1"]
[WhiteElo "1466"]
[BlackElo "958"]

1. e4 e5 2. Nf3 Bc5 3. Nxe5 Qh4 4. g3 Qxe4+ 5. Qe2 Qxh1 6. Ng6+ Ne7 7. Nxh8 d6
8. f3 Bh3 9. d4 Qxf1+ 10. Qxf1 Bxf1 11. Kxf1 Bxd4 12. Nxf7 Kxf7 13. Bd2 Bxb2 0-1

[Event "AUTO-BEG-530"]
[Site "http://www.queenalice.com/game.php?id=1047328"]
[Date "2012.4.9"]
[Round "1"]
[White "dcelestrin"]
[Black "ebpap123"]
[Result "0-1"]
[WhiteElo "912"]
[BlackElo "1255"]

1. e4 e6 2. d4 d5 3. e5 c5 4. c3 Nc6 5. Nf3 Qb6 6. Na3 c4 7. Rb1 Nh6 8. Bxh6
gxh6 9. h3 Bg7 10. Be2 O-O 11. O-O Ne7 12. b4 a6 0-1